いらすとやの日本人のイラスト4 - Statistics

General Stats
  • This quiz has been taken 78 times
  • The average score is 3 of 20
Answer Stats
Picture Answer % Correct
神武天皇
55%
北条政子
54%
滝廉太郎
34%
岩倉具視
33%
小泉八雲
22%
石川啄木
18%
森鴎外
18%
江藤新平
4%
種田山頭火
4%
小松帯刀
1%
萩原朔太郎
1%
北原白秋
1%
三遊亭圓朝
1%
室生犀星
1%
広沢真臣
0%
前原一誠
0%
小川未明
0%
八木重吉
0%
尾崎放哉
0%
八田與一
0%
No matching quizzes found
Score Distribution
Percent of People with Each Score
Percentile by Number Answered
Your Score History
You have not taken this quiz